000 00432nam a2200133Ia 4500
008 220204s9999 xx 000 0 und d
082 _a556.51:65(035)
_bVEN.2
100 _aVenkateswaralu, J
245 0 _aTechnical manual on watershed management-II. Resource conservation
260 _aHyderabad
_bNational Institute of Agricultural Extension Management
650 _aSoil conservation
650 _aWater harvesting
942 _cBK
999 _c41720
_d41720